00000000cas 2200000zi 4500
0019.943022
003CaOODSP
00520260508080336
006m     o  d f      
007cr cn ||||||||
008240909c20249999oncar p o    f0###a0eng|d
022 |a2818-6273
040 |aCaOODSP|beng|erda|cCaOODSP
043 |an-cn---
0861 |aIN3-45E-PDF
1102 |aOffice of the Superintendent of Financial Institutions Canada.|eauthor, |eissuing body.
222 0|aDepartmental sustainable development strategy report |b(Office of the Superintendent of Financial Institutions Canada)
24510|a... departmental sustainable development strategy report.
264 1|aOttawa, ON : |bOffice of the Superintendent of Financial Institutions Canada = Bureau du surintendant des institutions financières Canada, |c2024-
310 |aAnnual
336 |atext|btxt|2rdacontent
337 |acomputer|bc|2rdamedia
338 |aonline resource|bcr|2rdacarrier
3621 |aBegan with: 2023 to 2024.
500 |aIssued also in French under title: Rapport sur la stratégie ministérielle de développement durable de ...
588 |aDescription based on: 2023 to 2024; title from PDF cover page.
588 |aLatest issue consulted: 2023 to 2024.
61020|aOffice of the Superintendent of Financial Institutions Canada|vPeriodicals.
650 0|aSustainable development|xGovernment policy|zCanada|vPeriodicals.
655 7|aPeriodicals|2lcgft
77508|tRapport sur la stratégie ministérielle de développement durable de ...|w(CaOODSP)9.943021